000 00279nam a2200121 a 4500
008 100923s1988|||| d
245 1 0 _aTajomstvo lóže P-2
100 1 _aFaragó, Jenö
260 _bPravda
_aBratislava
_c1988
020 _c15
044 _axo
_cSK
041 _aslo
999 _c10657
_d10657